• 首页
  • 本馆介绍
  • 公告通知
  • 最新文献
  • 馆藏检索
  • 电子资源
  • 读者导购
  • 参考咨询
  • 我的图书馆
  • 登录
  • 详细信息显示
  • 放入我的书架
  • 预约/预借图书
  • 作者相关作品
  • 分类相关作品
  • 丛书相关作品
  • 出版社相关作品

书目信息

  • 表格格式
  • 工作单格式
  • 卡片格式
题名:
现代约旦
    
 
作者: 列·尼·科特洛夫 著
分册:  
出版信息: 北京   北京人民出版社  1973.08
页数: 494页
开本: 20cm
丛书名:
单 册:
中图分类: K379.5
科图分类:
主题词: 西亚--历史
电子资源:
ISBN:
000 00581nam0 2200205 450
001 0659477328
005 20061115163524.45
010    @dCNY1.32
100    @a20061115d1973 km y0chiy0120 ea
101 0  @achi
102    @aCN@b110000
200 1  @a现代约旦@Axian dai yue dan@f(苏)列·尼·科特洛夫著@F(su)lie·ni·ke te luo fu zhu
210    @a北京@c北京人民出版社@d1973.08
215    @a494页@d20cm
300    @a内部读物
606 0  @a西亚@x历史
690    @aK379.5@v3
701  0 @a列·尼·科特洛夫@Alie·ni·ke te luo fu@4著
801  0 @aCN@bPFT@c20061115
905    @a10447@dK379.5@e12
    
    现代约旦/(苏)列·尼·科特洛夫著.-北京:北京人民出版社,1973.08
    494页;20cm
    内部读物
    
    ISBN :CNY1.32
    
●
相关链接 在E读中查询图书 在五车中查询图书 在当当中查询图书 在豆瓣中查询图书


正题名:现代约旦     索取号:K379.5/12         预约/预借

序号 登录号 条形码 馆藏地/架位号 状态 备注
1 0228423   000564856   第二样本阅览室/ [索取号:K379.5/12] 在馆    
唐山师范学院图书馆 欢迎您!
大连网信软件有限公司© 版权所有